00251nam a22001097a 4500003000500000038001300005082001700018100001800035245004200053260002700095300001900122NUST aM.Ramzan a621.381bGRO aGrob, Bernard aGrob basic ElectronicscBernard Groob aIslamabadbN.B.Fc2001 a737p , :c25cm